[Event "GER Seniors Derby 14th"]
[Site "Wesel Undeloh"]
[Date "2015.04.15"]
[Round "1"]
[White "Preuss, Siegfried"]
[Black "Weber, Eberhard"]
[Result "1-0"]
[WhiteElo "1790"]
[BlackElo "1393"]
[PlyCount "55"]
[EventDate "2015.04.15"]
[EventType "swiss"]
[EventRounds "9"]
[EventCountry "GER"]
[SourceTitle "EXT 2018"]
[Source "ChessBase"]
[SourceDate "2017.10.13"]
[SourceVersion "1"]
[SourceVersionDate "2017.10.13"]
[SourceQuality "1"]

1. d4 d5 2. e4 c6 3. Nc3 e6 4. Bd3 Bb4 5. Nge2 Nd7 6. 0-0 Bxc3 7. Nxc3 dxe4 8. Nxe4 Ngf6 9. Nd6+ Kf8 10. b3 Ne8 11. Ne4 Ndf6 12. Ba3+ Kg8 13. Ng3 Nd5 14. Qd2 h6 15. c4 Nb6 16. Rad1 Nf6 17. Rfe1 Qc7 18. Ne4 Nxe4 19. Rxe4 Qd8 20. Qe2 Nd7 21. Rxe6 Nf6 22. Re3 Bg4 23. f3 Bh5 24. Be7 Qd7 25. Bxf6 gxf6 26. Qf2 Bg6 27. Qh4 f5 28. Re7 1-0